Paliatívna medicína a liečba bolesti Suplement

Bibliographic Details
Format: Journal
Language:Slovak
PhysicalDescription:zv. grafy, obr., tab. 22-30 cm
Published: Bratislava Solen 2008-2015, 2022
ISSN:1337-9917
Subjects:

MARC

LEADER 00000cas a2200000 a 4500
001 vtls010200405
003 SK-MaSNL
005 20260228161149.0
008 141017c20089999xo r|p 0 b0slo
022 |a 1337-9917 
040 |a SVKBB  |b slo  |c SVKBB  |d SNK  |e AACR2 
041 0 |a slo  |b eng 
044 |a xo  |c SK 
072 7 |a 616  |x Patológia. Klinická medicína  |2 konspekt 
080 |a 616-093.75  |2 2001 
080 |a 050  |2 2001 
080 |a (051)-027.561  |2 2011 
210 0 |a Paliat. med. lieč. boles., Supl. 
222 0 |a Paliatívna medicína a liečba bolesti. Suplement 
245 0 0 |a Paliatívna medicína a liečba bolesti  |p Suplement 
246 1 2 |a 20. Slovenské dialógy o bolesti  |f 1/2012 
246 1 2 |a 22. Slovenské dialógy o bolesti  |f 1/2014 
260 |a Bratislava  |b Solen  |c 2008-2015, 2022 
300 |a zv.  |b grafy, obr., tab.  |c 22-30 cm 
310 |a Nepravidelne 
362 0 |a 2008- 
500 |a Časopis je indexovaný v Bibliographia Medica Slovaca (BMS) 
500 |a Citácie sú spracované v CiBaMed 
500 |a Od č. S3/2015 vychádza len v PDF formáte, v elektronickej podobe 
504 |a Bibliogr. 
515 |a V S1/2015 uvedený na obale roč. VIII. 
546 |a Res. angl. 
650 0 7 |a paliatívna medicína  |2 SNKPH  |9 78340 
650 0 7 |a paliatívna starostlivosť  |2 SNKPH  |9 2558 
650 0 7 |a terapia bolesti  |2 SNKPH  |9 3789 
655 7 |a odborné časopisy  |2 SNKPH  |9 70505 
772 0 |t Paliatívna medicína a liečba bolesti  |x 1337-6896  |w vtls009288884 
852 |a Štátna vedecká knižnica v Banskej Bystrici 
910 |a snk 
916 |a 2010, 2012, 2014-2015 
999 |c 4528  |d 6458 
952 |0 0  |1 0  |4 0  |7 0  |8 0  |a SNK  |b SNK  |d 2014-10-17  |f 1  |i snk2014/22316  |l 0  |o snkČSB 5922/A/2012  |p 17A1089119  |r 2026-02-21 19:44:35  |t supl. 1  |w 2026-02-21  |y PREZ 
952 |0 0  |1 0  |4 0  |7 0  |8 0  |a SNK  |b SNK  |d 2014-10-17  |i snk2014/22318  |l 0  |o snkČSB 5922/A/2012 D1  |p 17A1089120  |r 2026-02-21 19:44:35  |t supl. 1  |w 2026-02-21  |y PREZ 
952 |0 0  |1 0  |4 0  |7 0  |8 0  |a SNK  |b SNK  |d 2014-10-17  |f 1  |i snk2014/22312  |l 0  |o snkČSB 5922/A/2010  |p 17A1089118  |r 2026-02-21 19:44:50  |t supl. 3  |w 2026-02-21  |y PREZ 
952 |0 0  |1 0  |4 0  |7 0  |8 0  |a SNK  |b SNK  |d 2018-01-03  |f 1  |i snk2018/26  |l 0  |o snkČSB 5922/A/2014  |p 17A1266451  |r 2026-02-21 22:25:57  |t supl. 1  |w 2026-02-21  |y PREZ 
952 |0 0  |1 0  |4 0  |7 0  |8 0  |a SNK  |b SNK  |d 2018-01-03  |i snk2018/38  |l 0  |o snkČSB 5922/A/2014 D1  |p 17A1266450  |r 2026-02-21 22:25:57  |t supl. 1  |w 2026-02-21  |y PREZ 
952 |0 0  |1 0  |4 0  |7 0  |8 0  |a SNK  |b SNK  |d 2018-01-03  |f 1  |i snk2018/41  |l 0  |o snkČSB 5922/A/2015  |p 17A1266449  |r 2026-02-21 22:25:57  |t supl. 1-3, neúplné  |w 2026-02-21  |y PREZ 
952 |0 0  |1 0  |4 0  |7 0  |8 0  |a SNK  |b SNK  |d 2018-01-03  |i snk2018/47  |l 0  |o snkČSB 5922/A/2015 D1  |p 17A1266448  |r 2026-02-21 22:25:57  |t supl. 1-3, neúplné  |w 2026-02-21  |y PREZ